000 00523nam a2200217Ia 4500
003 OSt
005 20140428125951.0
008 140130s9999 xx 000 0 und d
020 _a0439717396
050 _aAG 243
_b.P2455 2004
100 _aPackard, Marry
_931179
245 _aTotally Gross /
_cPackard, Marry
260 _bScholastic,
_c2004.
_aNew York :
300 _a85 p. :
_bill. ;
_c18 cm.
440 _v1
_931174
521 _aG1
526 _c250
942 _cBK
_2lcc
999 _c41819
_d41819